000 00434nmm a2200145Ia 4500
008 251105s9999||||xx |||||||||||||||||und||
041 _aspa
100 _aFabio, Morábito
245 0 _aJardín de noche
264 _a[Madrid, España] :
_bEditorial Sexto Piso,
_c[Fecha de publicación no identificada]
300 _a0 páginas
650 _aLiterature
856 _uhttps://public.digitaliapublishing.com/a/161271
942 _cCF
999 _c101171
_d101171